|
|
|
|
| LEADER |
01290nam a2200289 a 4500 |
| 001 |
000438345 |
| 003 |
CZ BrMZK |
| 005 |
20140612125803.0 |
| 007 |
ta |
| 008 |
981110s1960 xr a f cze d |
| 015 |
|
|
|a cnb000731006
|
| 035 |
|
|
|a (OCoLC)85707647
|
| 040 |
|
|
|a BOA001
|b cze
|
| 080 |
9 |
|
|a 885-93-32
|
| 100 |
1 |
|
|a Hiršal, Josef,
|d 1920-2003
|7 jk01041094
|4 aut
|
| 245 |
1 |
0 |
|a O podivuhodném životě mudrce Ezopa, který rozuměl řeči ptáků, zvířat, hmyzu, rostlin i věcí /
|c podle Sborníku prostějovského z r. 1557 a starých čes. textů volně zpracoval Josef Hiršal a Jiří Kolář ; doslov a poznámky napsala Bohumila Grögerová ; ilustroval Karel Souček
|
| 250 |
|
|
|a 1. vyd.
|
| 260 |
|
|
|a Praha :
|b Státní nakladatelství dětské knihy,
|c 1960
|
| 300 |
|
|
|a 115, [2] s. :
|b il. ;
|c 8°
|
| 500 |
|
|
|a 20000 výt.
|
| 521 |
8 |
|
|a Pro čtenáře od 9 let.
|
| 700 |
1 |
|
|a Kolář, Jiří,
|d 1914-2002
|7 jk01061244
|4 aut
|
| 856 |
4 |
1 |
|u http://www.digitalniknihovna.cz/mzk/uuid/uuid:3634c850-b983-11e3-b833-005056827e52
|y Digitalizovaný dokument
|x NDK
|
| 910 |
|
|
|a BOA001
|b 2-0447.842
|
| 964 |
|
|
|a Ezop (mudrc řecký) - život - příběhy pro mládež
|
| 990 |
|
|
|a BK
|
| 996 |
6 |
|
|b 2619783009
|c 2-0447.842
|l MZK
|r Sklad / do 24 hodin
|n 15
|w 000438345
|u 000010
|a 1
|e BOA001
|j MZK50
|s P
|